000 00219nam a22000857a 4500
008 160718b xxu||||| |||| 00| 0 eng d
100 _92989
_a Bay, M
245 _aEasy Way to Guitar - A
260 _aMel Bay Publication
_c1973
999 _c2552
_d2552